| 000 | 00698nam a2200169 a 4500 | ||
|---|---|---|---|
| 008 | 130426s2006 ||||||||||||||||| || u | ||
| 020 | _a9780340913475 | ||
| 050 | _aLB 1139.3.G7 | ||
| 100 | _aLindon, Jennie | ||
| 245 | 1 | 0 |
_aEquality in Early Childhood: linking theory and practice _cby Jennie Lindon |
| 260 |
_aOxon: _bHodder Arnold _c2006 |
||
| 300 | _a259p.: ill. | ||
| 650 | _aCHILDREN OF MINORITIES--CARE--GREAT BRITAIN | ||
| 650 | _aEARLY CHILDHOOD EDUCATION--GREAT BRITAIN | ||
| 650 | _aDISCRIMINATION IN EDUCATION--GREAT BRITAIN | ||
| 995 |
_FCBU-MAIN LIBRARY (Kitwe) _M1 _UAVAILABLE _WJun 21, 2013 _ZMain Library Open Access Collection |
||
| 999 |
_c42311 _d42311 |
||